[Event "ROM-ch blitz"]
[Site "Bucharest"]
[Date "2022.03.13"]
[Round "9"]
[White "Dan, Silviu Aurelian"]
[Black "Stancu, Robert Alexandru"]
[Result "1-0"]
[WhiteElo "1928"]
[BlackElo "2067"]
[PlyCount "45"]
[EventDate "2022.03.13"]
[EventType "swiss (blitz)"]
[EventRounds "9"]
[EventCountry "ROU"]
[SourceTitle "EXT 2023"]
[Source "ChessBase"]
[SourceDate "2022.10.05"]
[SourceVersion "1"]
[SourceVersionDate "2022.10.05"]
[SourceQuality "1"]

1. e4 e5 2. Nf3 Nc6 3. Bc4 Bc5 4. 0-0 Nf6 5. c3 Nxe4 6. d4 exd4 7. cxd4 Bb4 8. d5 Ne7 9. Qd4 Nf6 10. Bg5 Ng6 11. Nc3 0-0 12. Bb3 Be7 13. Rfe1 d6 14. Bc2 a6 15. h4 Ng4 16. Bxg6 hxg6 17. Bxe7 Qd7 18. Bxf8 Kxf8 19. Re4 Qf5 20. Rae1 Bd7 21. Rf4 Qh5 22. Ng5 Qxh4 23. Rxf7+ 1-0

[Event "ROM-ch op"]
[Site "Sarata Monteoru"]
[Date "2011.02.17"]
[Round "8"]
[White "Fulger, Ionut Alexandru"]
[Black "Dan, Silviu Aurelian"]
[Result "1-0"]
[WhiteElo "1826"]
[BlackElo "1971"]
[PlyCount "75"]
[EventDate "2011.02.12"]
[EventType "swiss"]
[EventRounds "11"]
[EventCountry "ROU"]
[SourceTitle "EXT 2013"]
[Source "ChessBase"]
[SourceDate "2012.11.22"]
[SourceVersion "1"]
[SourceVersionDate "2012.11.22"]
[SourceQuality "1"]

1. d4 c5 2. e3 e6 3. Nf3 Nf6 4. Bd3 b6 5. b3 Bb7 6. Bb2 Nc6 7. a3 cxd4 8. exd4 Ne7 9. 0-0 Ned5 10. c4 Nf4 11. Bc2 b5 12. c5 g5 13. Nc3 g4 14. Nh4 Rg8 15. Qe1 N6h5 16. Be4 Bxe4 17. Qxe4 Rb8 18. g3 h6 19. b4 Nh3+ 20. Kh1 Nf6 21. Qe2 a6 22. a4 Be7 23. axb5 axb5 24. Ra5 Nh5 25. Ng2 f5 26. Bc1 Bg5 27. Rxb5 Bxc1 28. Rxc1 f4 29. Nxf4 N5xf4 30. gxf4 Rxb5 31. Nxb5 Nxf4 32. Nd6+ Kf8 33. Qe3 Qf6 34. b5 Nd5 35. Qd3 Kg7 36. Rf1 Rf8 37. b6 Qd8 38. Qe4 1-0

[Event "ROM-ch op"]
[Site "Sarata Monteoru"]
[Date "2011.02.15"]
[Round "5"]
[White "Dan, Silviu Aurelian"]
[Black "Nastase, Robert Paul"]
[Result "1-0"]
[WhiteElo "1971"]
[BlackElo "1825"]
[PlyCount "197"]
[EventDate "2011.02.12"]
[EventType "swiss"]
[EventRounds "11"]
[EventCountry "ROU"]
[SourceTitle "EXT 2013"]
[Source "ChessBase"]
[SourceDate "2012.11.22"]
[SourceVersion "1"]
[SourceVersionDate "2012.11.22"]
[SourceQuality "1"]

1. e4 c5 2. Nf3 d6 3. c3 Nf6 4. Bd3 g6 5. Bc2 Nc6 6. 0-0 Bg7 7. d3 Bg4 8. h3 Bxf3 9. Qxf3 d5 10. Rd1 0-0 11. Nd2 e6 12. Nf1 Qe7 13. Bg5 d4 14. Qe2 h6 15. Bd2 e5 16. Ba4 Nd8 17. cxd4 cxd4 18. Qe1 Ne6 19. Bb4 Nc5 20. Nd2 b6 21. Nb3 Rfc8 22. Rac1 Bf8 23. Nxc5 bxc5 24. Bd2 Nh5 25. Bb3 g5 26. g3 Qf6 27. Qe2 Qg6 28. Qf3 Bd6 29. Rc4 Kg7 30. Rdc1 Nf6 31. Bb4 Nd7 32. Ba3 Rc7 33. R4c2 Rac8 34. Ba4 Qe6 35. Bb5 Qxh3 36. b4 cxb4 37. Rxc7 Rxc7 38. Rxc7 Bxc7 39. Bxb4 Qe6 40. Bc4 Qf6 41. Qd1 Nb6 42. Bb3 Bd6 43. Ba5 Nd7 44. Kg2 Nc5 45. Bc4 Qe7 46. Qf3 Nb7 47. Bd2 Qd7 48. Bd5 Nd8 49. Qd1 Qb5 50. Bc4 Qb6 51. Qa4 Nc6 52. Bd5 Ne7 53. Ba5 Qc5 54. Bc4 Nc6 55. Bd2 Bf8 56. Bb5 Nd8 57. Bc4 Nc6 58. Qb3 Qe7 59. Qb5 Qf6 60. Qb7 g4 61. Qb1 Qf3+ 62. Kg1 Qe2 63. Qc1 Kg8 64. Bxh6 Bxh6 65. Qxh6 Qd1+ 66. Kh2 Qf3 67. Qg5+ Kf8 68. Qd2 Ne7 69. Bb3 Kg7 70. Bd1 Qf6 71. Bxg4 Qh6+ 72. Qxh6+ Kxh6 73. f4 Nc6 74. a3 f6 75. Bd7 Na5 76. Kh3 Nb3 77. Kg4 Kg6 78. Be8+ Kg7 79. fxe5 fxe5 80. Kf5 Nc1 81. Bb5 Ne2 82. Kxe5 Nxg3 83. Kxd4 Kf7 84. Kd5 Ke7 85. Kc6 Ne2 86. Ba6 Nd4+ 87. Kb7 Kd7 88. Bc4 a5 89. e5 a4 90. Kb6 Nc2 91. Ka5 Nxa3 92. Kxa4 Nc2 93. Kb5 Nd4+ 94. Kc5 Nf5 95. d4 Ne7 96. d5 Nc8 97. Bb5+ Ke7 98. d6+ Ke6 99. d7 1-0

[Event "ROM-ch U16"]
[Site "Voineasa"]
[Date "2010.04.12"]
[Round "7"]
[White "Dan, Silviu Aurelian"]
[Black "Vasile, Claudiu Daniel"]
[Result "1/2-1/2"]
[WhiteElo "1945"]
[BlackElo "1980"]
[PlyCount "95"]
[EventDate "2010.04.08"]
[EventType "swiss"]
[EventRounds "9"]
[EventCountry "ROU"]
[SourceTitle "EXT 2020"]
[Source "ChessBase"]
[SourceDate "2019.10.17"]
[SourceVersion "1"]
[SourceVersionDate "2019.10.17"]
[SourceQuality "1"]

1. e4 e5 2. Nf3 Nc6 3. Bc4 Bc5 4. c3 Nf6 5. d4 exd4 6. cxd4 Bb4+ 7. Nc3 Nxe4 8. 0-0 Bxc3 9. bxc3 0-0 10. Qc2 d5 11. Bd3 Bf5 12. Rb1 Rb8 13. c4 Ne7 14. Nh4 Bg6 15. Nxg6 hxg6 16. Bxe4 dxe4 17. Qxe4 c6 18. Bf4 Rc8 19. Rxb7 Nf5 20. Be3 Nd6 21. Qe7 Nxb7 22. Qxb7 Qa5 23. Qb3 Rb8 24. Qc2 Rfd8 25. Rd1 Qb4 26. h3 Qb2 27. Qa4 Qb7 28. Qa5 Rbc8 29. d5 cxd5 30. cxd5 Rd7 31. d6 Rcd8 32. Bf4 Qe4 33. Bg3 f5 34. Re1 Qc4 35. Re7 Qc8 36. Qd5+ Kh7 37. Qf7 Rxe7 38. dxe7 Rg8 39. Be5 Qe8 40. Qe6 Qc8 41. Qf7 Qe8 42. Qe6 Qc8 43. Qd5 Re8 44. Qf7 Rg8 45. Bxg7 Qc1+ 46. Kh2 Qf4+ 47. Kg1 Qc1+ 48. Kh2 1/2-1/2

[Event "ROM-chT"]
[Site "Romania"]
[Date "1992.??.??"]
[Round "?"]
[White "Dan, Silviu Aurelian"]
[Black "Petrescu, Irina C"]
[Result "1/2-1/2"]
[WhiteElo "2015"]
[BlackElo "2120"]
[PlyCount "90"]
[EventDate "1992.??.??"]
[EventType "team"]
[EventRounds "9"]
[EventCountry "ROU"]
[SourceTitle "EXT 1997"]
[Source "ChessBase"]
[SourceDate "1996.11.15"]
[SourceVersion "1"]
[SourceVersionDate "1996.11.15"]
[SourceQuality "1"]

1. e4 e5 2. Nf3 Nc6 3. Bb5 a6 4. Ba4 Nf6 5. 0-0 Be7 6. Re1 b5 7. Bb3 d6 8. c3 0-0 9. h3 Na5 10. Bc2 c5 11. d4 Qc7 12. Nbd2 Re8 13. Nf1 Bb7 14. Ng3 cxd4 15. cxd4 Rac8 16. Bb1 h6 17. d5 Bf8 18. Bd3 Nc4 19. b3 Nb6 20. Be3 Nbd7 21. Nh2 Kh7 22. Qd2 Qc3 23. Rac1 Qxd2 24. Bxd2 Nc5 25. Bf1 g6 26. f3 Nfd7 27. Ng4 h5 28. Ne3 Bh6 29. h4 Bf4 30. Nh1 f5 31. g3 Bh6 32. Nf2 Nf6 33. Bh3 Ncd7 34. exf5 Rxc1 35. fxg6+ Kxg6 36. Bf5+ Kg7 37. Bxc1 Bxe3 38. Bxe3 Bxd5 39. Rd1 Be6 40. Bb1 d5 41. Rc1 d4 42. Bg5 Bd5 43. Rc7 Re7 44. Bf5 Rf7 45. Kg2 Nb8 1/2-1/2

[Event "ROM-chT"]
[Site "Romania"]
[Date "1992.??.??"]
[Round "?"]
[White "Dan, Silviu Aurelian"]
[Black "Teodorescu, Margareta"]
[Result "1/2-1/2"]
[WhiteElo "2015"]
[BlackElo "2080"]
[PlyCount "109"]
[EventDate "1992.??.??"]
[EventType "team"]
[EventRounds "9"]
[EventCountry "ROU"]
[SourceTitle "EXT 1997"]
[Source "ChessBase"]
[SourceDate "1996.11.15"]
[SourceVersion "1"]
[SourceVersionDate "1996.11.15"]
[SourceQuality "1"]

1. e4 d5 2. exd5 Qxd5 3. Nc3 Qd6 4. d4 Nf6 5. h3 a6 6. Nf3 Bf5 7. Bc4 e6 8. 0-0 Be7 9. Re1 0-0 10. Nh4 Bg6 11. Nxg6 hxg6 12. Ne2 Nc6 13. Bf4 Qd7 14. c3 Rad8 15. b4 Nd5 16. Bxd5 exd5 17. Qd3 Bf6 18. Qg3 Rc8 19. Nc1 Nd8 20. Nd3 Ne6 21. Re2 b6 22. Rae1 Rfe8 23. Ne5 Bxe5 24. Rxe5 b5 25. Bd2 c6 26. h4 Nf8 27. Qd3 Rxe5 28. Rxe5 Re8 29. f4 Rxe5 30. fxe5 Qg4 31. Bg5 Ne6 32. Qd2 Kf8 33. Kh2 Qf5 34. g3 Ke8 35. Be3 Qf3 36. Bg5 Kd7 37. Be3 Nc7 38. Bg5 Na8 39. Qf4 Qxf4 40. Bxf4 Ke6 41. Kg2 Nb6 42. Kf3 Na4 43. Bd2 Kf5 44. g4+ Ke6 45. Kf4 Nb2 46. h5 gxh5 47. gxh5 f6 48. exf6 Kxf6 49. Kg4 Nd1 50. Bg5+ Ke6 51. Bd2 Nf2+ 52. Kf4 Ne4 53. Be1 Kf6 54. Bh4+ Ke6 55. Be1 1/2-1/2

[Event "ROM-chT"]
[Site "Romania"]
[Date "1992.??.??"]
[Round "?"]
[White "Foisor, Cristina Adela B"]
[Black "Dan, Silviu Aurelian"]
[Result "1-0"]
[WhiteElo "2375"]
[BlackElo "2015"]
[PlyCount "63"]
[EventDate "1992.??.??"]
[EventType "team"]
[EventRounds "9"]
[EventCountry "ROU"]
[SourceTitle "EXT 1997"]
[Source "ChessBase"]
[SourceDate "1996.11.15"]
[SourceVersion "1"]
[SourceVersionDate "1996.11.15"]
[SourceQuality "1"]

1. c4 e5 2. g3 g6 3. Bg2 Bg7 4. Nc3 Ne7 5. d3 0-0 6. e3 c6 7. Nge2 f5 8. 0-0 d6 9. f4 Nd7 10. h3 Nf6 11. b3 exf4 12. exf4 d5 13. Kh2 dxc4 14. dxc4 Qc7 15. Qc2 Be6 16. Bb2 Rad8 17. Ng1 h6 18. Rae1 Bf7 19. Nf3 Nc8 20. Ne5 Nd7 21. Nxf7 Rxf7 22. Re2 Nf8 23. b4 Re7 24. Rfe1 Rde8 25. c5 a5 26. b5 Rxe2 27. Rxe2 Rxe2 28. Qxe2 cxb5 29. Qxb5 b6 30. Qb3+ Kh7 31. Nd5 Qxc5 32. Nf6+ 1-0